000 01148nam a22002657a 4500
003 PE SENCICO BE
005 20251020182642.0
008 230914b |||||||| |||| 00| 0 eng d
040 _aPE SENCICO BE
_cPE SENCICO BE
041 _aspa
084 _aI
_aLAB
_a2017
_bC15
100 1 _91567
_aCadenillas Vásquez, Morelia
_eautor
245 1 _aDensidad relativa del suelo (DR %) :
_bensayo de densidad máxima y mínima /
_cMorelia Cadenillas Vásquez
260 _aLima :
_c2017
300 _a48 hojas :
_bilustraciones a color, tablas ;
_c30 cm.
502 _aMonografía de Titulación.-- Servicio Nacional de Capacitación para la Industria de la Construcción. Escuela Superior Técnica. Carrera Profesional Técnica en Laboratorio de Suelos, Concreto y Asfalto, 2017.
650 1 0 _9791
_aSuelos
650 2 0 _9155
_aEstudio de suelos
650 2 0 _91568
_aDensidad del suelo
650 2 0 _91569
_aAnálisis de suelos
650 2 0 _91263
_aLaboratorio de ensayo de materiales
710 1 _aServicio Nacional de Capacitación para la Industria de la Construcción.
_bEscuela Superior Técnica
_91065
910 _bhfp
_chfp
942 _cMON
999 _c4303
_d4303